<?xml version="1.0" encoding="UTF-8"?>
<record
    xmlns:xsi="http://www.w3.org/2001/XMLSchema-instance"
    xsi:schemaLocation="http://www.loc.gov/MARC21/slim http://www.loc.gov/standards/marcxml/schema/MARC21slim.xsd"
    xmlns="http://www.loc.gov/MARC21/slim">

  <leader>03130nam a2200289 a 4500</leader>
  <controlfield tag="003">OSt</controlfield>
  <controlfield tag="005">20251021113808.0</controlfield>
  <controlfield tag="007">cr ||||||a|c|a</controlfield>
  <controlfield tag="008">230509s2020    mx a|||fom||| 001 0 sp  d</controlfield>
  <datafield tag="040" ind1=" " ind2=" ">
    <subfield code="e">rda</subfield>
  </datafield>
  <datafield tag="100" ind1="1" ind2=" ">
    <subfield code="9">129231</subfield>
    <subfield code="a">Granados S&#xE1;nchez, Mar&#xED;a del Rosario</subfield>
  </datafield>
  <datafield tag="245" ind1="1" ind2="0">
    <subfield code="a">Formaci&#xF3;n de precios agr&#xED;colas en M&#xE9;xico y su incidencia en la econom&#xED;a,1980-2017 /</subfield>
    <subfield code="c">Mar&#xED;a del Rosario Granados S&#xE1;nchez; director de tesis Juan Antonio Leos Rodr&#xED;guez</subfield>
  </datafield>
  <datafield tag="264" ind1=" " ind2="1">
    <subfield code="a">Chapingo, M&#xE9;xico :</subfield>
    <subfield code="b">El autor,</subfield>
    <subfield code="c">2020.</subfield>
  </datafield>
  <datafield tag="300" ind1=" " ind2=" ">
    <subfield code="a">1 recurso en l&#xED;nea (176 p&#xE1;ginas):</subfield>
    <subfield code="b">cuadros, mapas y graficas.</subfield>
  </datafield>
  <datafield tag="336" ind1=" " ind2=" ">
    <subfield code="2">rdacontent</subfield>
    <subfield code="a">texto</subfield>
    <subfield code="b">txt</subfield>
  </datafield>
  <datafield tag="337" ind1=" " ind2=" ">
    <subfield code="2">rdamedia</subfield>
    <subfield code="a">computadora</subfield>
    <subfield code="b">c</subfield>
  </datafield>
  <datafield tag="338" ind1=" " ind2=" ">
    <subfield code="2">rdacarrier</subfield>
    <subfield code="a">recurso en l&#xED;nea</subfield>
    <subfield code="b">cr</subfield>
  </datafield>
  <datafield tag="502" ind1=" " ind2=" ">
    <subfield code="b">DCPEA</subfield>
    <subfield code="c">CIESTAAM</subfield>
    <subfield code="d">2020.</subfield>
    <subfield code="g">DOC</subfield>
  </datafield>
  <datafield tag="504" ind1=" " ind2=" ">
    <subfield code="a">Incluye referencias bibliogr&#xE1;ficas: p&#xE1;ginas 144-147</subfield>
  </datafield>
  <datafield tag="520" ind1=" " ind2=" ">
    <subfield code="a">Los cambios en los precios agr&#xED;colas impactan a los agentes econ&#xF3;micos en general; por lo tanto, analizar sus cambios es fundamental para la toma de decisiones, principalmente para la poblaci&#xF3;n con m&#xE1;s carencias. El objetivo de la investigaci&#xF3;n fue analizar el comportamiento de los precios del arroz, ma&#xED;z y trigo en M&#xE9;xico, su relaci&#xF3;n con los precios internacionales, la volatilidad que presentan y la transmisi&#xF3;n de ellos a los precios dom&#xE9;sticos. Se plantea que, al estar la econom&#xED;a nacional en un modelo de apertura comercial, los precios dom&#xE9;sticos se han alineado a los internacionales, siguiendo sus movimientos; al mismo tiempo se han vuelto m&#xE1;s vulnerables a los choques en el mercado agr&#xED;cola internacional. Se utilizaron m&#xE9;todos estad&#xED;sticos y econom&#xE9;tricos, modelos de alta varianza, causalidad en el sentido de Granger y cointegraci&#xF3;n de Granger y Johansen. De acuerdo con los resultados, en los noventa la relaci&#xF3;n de precios internacionales y dom&#xE9;sticos fue del 18%, los precios internacionales incidieron menos sobre los dom&#xE9;sticos, para el periodo 2000-2010 ascendi&#xF3; a 85%. En el 2006-2008 se fortaleci&#xF3; hasta 99% y, disminuy&#xF3; en la ca&#xED;da de precios hasta el 12%, como se observ&#xF3; en 2010-2016. Asimismo, todos los precios presentaron periodos de agrupamiento de volatilidad. Los precios dom&#xE9;sticos de arroz y ma&#xED;z mostraron periodos m&#xE1;s amplios de variabilidad; &#xE9;stos presentaron mayor incertidumbre y tardaron en ajustarse al precio de mercado. Se evidenci&#xF3; que en cereales el modelo que mejor explic&#xF3; la variaci&#xF3;n de los precios fue el modelo GARCH. Se concluye que a partir de la entrada en vigor del TLCAN los precios de los cereales refuerzan su evoluci&#xF3;n en funci&#xF3;n de los internacionales, por lo que las tendencias y variaciones de &#xE9;stos influyen en su comportamiento, asimismo, determinan la estructura productiva de los cereales en M&#xE9;xico.</subfield>
  </datafield>
  <datafield tag="650" ind1=" " ind2="4">
    <subfield code="9">21388</subfield>
    <subfield code="a">Cereales</subfield>
    <subfield code="x">Aspectos econ&#xF3;micos</subfield>
  </datafield>
  <datafield tag="650" ind1=" " ind2="4">
    <subfield code="9">21452</subfield>
    <subfield code="a">Cereales</subfield>
    <subfield code="x">Precios</subfield>
  </datafield>
  <datafield tag="650" ind1=" " ind2="4">
    <subfield code="9">128412</subfield>
    <subfield code="a">Cereales</subfield>
    <subfield code="x">Producci&#xF3;n</subfield>
    <subfield code="z">M&#xE9;xico</subfield>
  </datafield>
  <datafield tag="700" ind1="1" ind2=" ">
    <subfield code="9">66243</subfield>
    <subfield code="a">Leos Rodr&#xED;guez, Juan Antonio</subfield>
    <subfield code="e">director.</subfield>
  </datafield>
  <datafield tag="856" ind1=" " ind2=" ">
    <subfield code="u">http://10.13.5.2/tesis/td/Granados_Sanchez_Maria_del_Rosario.pdf</subfield>
    <subfield code="z">DESCARGAR PDF</subfield>
  </datafield>
  <datafield tag="942" ind1=" " ind2=" ">
    <subfield code="2">Clasificaci&#xF3;n Universidad Aut&#xF3;noma Chapingo</subfield>
    <subfield code="c">TD</subfield>
  </datafield>
  <datafield tag="999" ind1=" " ind2=" ">
    <subfield code="c">218717</subfield>
    <subfield code="d">218717</subfield>
  </datafield>
  <datafield tag="952" ind1=" " ind2=" ">
    <subfield code="0">0</subfield>
    <subfield code="1">0</subfield>
    <subfield code="2">local</subfield>
    <subfield code="4">0</subfield>
    <subfield code="5">1</subfield>
    <subfield code="7">0</subfield>
    <subfield code="8">TesdigD</subfield>
    <subfield code="a">BC</subfield>
    <subfield code="b">BC</subfield>
    <subfield code="c">E_L</subfield>
    <subfield code="d">2023-05-11</subfield>
    <subfield code="l">0</subfield>
    <subfield code="o">Tesis digital</subfield>
    <subfield code="r">2023-05-11 00:00:00</subfield>
    <subfield code="w">2023-05-11</subfield>
    <subfield code="y">TD</subfield>
  </datafield>
</record>
